Detalles MARC
| 000 -CABECERA |
| Longitud fija campo de control |
02193nam a2200493 c 4500 |
| 001 - NÚMERO DE CONTROL |
| Número de control |
24960 |
| 003 - IDENTIFICADOR DE NÚMERO DE CONTROL |
| Identificador del número de control |
ES-MaCES |
| 005 - FECHA Y HORA DE LA ÚLTIMA TRANSACCIÓN |
| Fecha y hora de la última transacción |
20200226040012.0 |
| 008 - CAMPO FIJO DE DESCRIPCIÓN FIJA--INFORMACIÓN GENERAL |
| Códigos de información de longitud fija |
130404s2013 sp ao t o100 | spa d |
| 017 ## - NÚMERO DE REGISTRO DE DERECHOS DE AUTOR Y DEPÓSITO LEGAL |
| Número de copyright o de depósito legal |
VA 43-2013 |
| Agencia que asigna el número |
DL |
| 020 ## - ISBN (INTERNATIONAL STANDARD BOOK NUMBER) |
| Número Internacional Normalizado para Libros (ISBN) |
9788484487371 |
| 035 ## - NÚMERO DE CONTROL DEL SISTEMA |
| Número de control del sistema |
CES20130001843m |
| 040 ## - FUENTE DE CATALOGACIÓN |
| Centro catalogador de origen |
ES-MaCES |
| Lengua de catalogación |
spa |
| Centro transcriptor |
ES-MaCES |
| 111 2# - ENCABEZAMIENTO PRINCIPAL--NOMBRE DE REUNIÓN |
| Nombre de congreso o jurisdicción como elemento de entrada |
Jornadas "El Sindicalismo en el Devenir Democrático Español" |
| Fecha del congreso |
2011 |
| Sede del congreso |
Valladolid |
| 9 (RLIN) |
1205 |
| 245 13 - MENCIÓN DE TÍTULO |
| Título |
El sindicalismo en el devenir democrático español |
| Mención de responsabilidad, etc. |
[recoge el material presentado en las Jornadas, que bajo el tít.] "El Sindicalismo en el Devenir Democrático Español" [se celebraron del 24 al 28 de oct. de 2011, en la Universidad de Valladolid y organizadas por la Fundación Ateneo Cultural "Jesús Pereda"] ; Ana Mª Vallejo Cimarra, Yolanda Rodríguez Valentín, Cristina de la Torre Sanz, eds. |
| 260 ## - PUBLICACIÓN, DISTRIBUCIÓN, ETC (PIE DE IMPRENTA) |
| Lugar de publicación, distribución, etc. |
Valladolid |
| Nombre del editor, distribuidor, etc. |
Universidad de Valladolid, Secretariado de Publicaciones e Intercambio Cultural |
| -- |
Fundación Ateneo Cultural CCOO Castilla y León |
| Fecha de publicación, distribución, etc. |
[2013] |
| 300 ## - DESCRIPCIÓN FÍSICA |
| Extensión |
232 p. |
| Otras características físicas |
fot., il. col. y bl. y n. |
| Dimensiones |
24 cm |
| Material anejo |
1 CD-ROM |
| 490 1# - MENCIÓN DE SERIE |
| Mención de serie |
Historia y Sociedad |
| Designación de volumen o secuencia |
163 |
| 500 ## - NOTA GENERAL |
| Nota general |
Publ. simultáneamente en CD-ROM |
| 541 ## - NOTA DE LA FUENTE INMEDIANTE DE ADQUISICIÓN |
| Forma de adquisición |
Compra |
| 610 24 - ASIENTO SECUNDARIO DE MATERIA--NOMBRE CORPORATIVO |
| Nombre de entidad corporativa o nombre de jurisdicción como elemento inicial |
Comisiones Obreras |
| Unidad subordinada |
Unión Sindical de Castilla y León |
| 9 (RLIN) |
2152 |
| 610 27 - ASIENTO SECUNDARIO DE MATERIA--NOMBRE CORPORATIVO |
| Nombre de entidad corporativa o nombre de jurisdicción como elemento inicial |
Comisiones Obreras |
| Fuente de encabezamiento o término |
|
| 9 (RLIN) |
2105 |
| 650 #4 - ASIENTO SECUNDARIO DE MATERIA--TÉRMINO DE MATERIA |
| Término de materia o nombre geográfico como elemento inicial |
CD ROM |
| 9 (RLIN) |
30331 |
| 650 #4 - ASIENTO SECUNDARIO DE MATERIA--TÉRMINO DE MATERIA |
| Término de materia o nombre geográfico como elemento inicial |
conferencia |
| 9 (RLIN) |
27013 |
| 650 #4 - ASIENTO SECUNDARIO DE MATERIA--TÉRMINO DE MATERIA |
| Término de materia o nombre geográfico como elemento inicial |
historia |
| 9 (RLIN) |
27251 |
| 650 #4 - ASIENTO SECUNDARIO DE MATERIA--TÉRMINO DE MATERIA |
| Término de materia o nombre geográfico como elemento inicial |
1955-1975 |
| 9 (RLIN) |
31651 |
| 650 #4 - ASIENTO SECUNDARIO DE MATERIA--TÉRMINO DE MATERIA |
| Término de materia o nombre geográfico como elemento inicial |
España |
| 9 (RLIN) |
26964 |
| 650 #4 - ASIENTO SECUNDARIO DE MATERIA--TÉRMINO DE MATERIA |
| Término de materia o nombre geográfico como elemento inicial |
conflicto de trabajo |
| 9 (RLIN) |
28367 |
| 650 #4 - ASIENTO SECUNDARIO DE MATERIA--TÉRMINO DE MATERIA |
| Término de materia o nombre geográfico como elemento inicial |
huelga |
| 9 (RLIN) |
28376 |
| 650 #4 - ASIENTO SECUNDARIO DE MATERIA--TÉRMINO DE MATERIA |
| Término de materia o nombre geográfico como elemento inicial |
mujeres |
| 9 (RLIN) |
28657 |
| 650 #4 - ASIENTO SECUNDARIO DE MATERIA--TÉRMINO DE MATERIA |
| Término de materia o nombre geográfico como elemento inicial |
papel del sindicato |
| 9 (RLIN) |
30660 |
| 650 #4 - ASIENTO SECUNDARIO DE MATERIA--TÉRMINO DE MATERIA |
| Término de materia o nombre geográfico como elemento inicial |
sindicalismo |
| 9 (RLIN) |
29453 |
| 653 10 - TÉRMINO DE INDEXACIÓN--NO CONTROLADO |
| Término no controlado |
Ciencias Sociales-Políticas |
| 650 #4 - ASIENTO SECUNDARIO DE MATERIA--TÉRMINO DE MATERIA |
| 9 (RLIN) |
28377 |
| Término de materia o nombre geográfico como elemento inicial |
sindicato |
| 700 1# - ENCABEZAMIENTO SECUNDARIO--NOMBRE PERSONAL |
| Nombre de persona |
Torre Sanz, Cristina de la |
| Término indicativo de función |
ed. lit. |
| 9 (RLIN) |
25062 |
| 700 1# - ENCABEZAMIENTO SECUNDARIO--NOMBRE PERSONAL |
| Nombre de persona |
Rodríguez Valentín, Yolanda |
| Término indicativo de función |
ed. lit. |
| 9 (RLIN) |
22458 |
| 700 1# - ENCABEZAMIENTO SECUNDARIO--NOMBRE PERSONAL |
| Nombre de persona |
Vallejo Cimarra, Ana María |
| Término indicativo de función |
ed. lit. |
| 9 (RLIN) |
25460 |
| 710 1# - ENCABEZAMIENTO SECUNDARIO--NOMBRE CORPORATIVO |
| Nombre de entidad o nombre de jurisdicción como elemento inicial |
Fundación Ateneo Cultural "Jesús Pereda" |
| Término indicativo de función |
col. |
| 9 (RLIN) |
3755 |
| 710 1# - ENCABEZAMIENTO SECUNDARIO--NOMBRE CORPORATIVO |
| Nombre de entidad o nombre de jurisdicción como elemento inicial |
Universidad de Valladolid |
| Término indicativo de función |
ed. |
| 9 (RLIN) |
5347 |
| 830 #0 - ENCABEZAMIENTO SECUNDARIO DE COLECCIÓN--TÍTULO UNIFORME |
| Título uniforme |
Historia y Sociedad |
| Designación de volumen o secuencia |
163 |
| 9 (RLIN) |
34686 |
| 902 ## - CES. TIPO DE DOCUMENTO |
| Tipodoc (006$c Sirtex) |
LIB Libro |
| 942 ## - ELEMENTOS KOHA |
| Fuente de clasificaión o esquema |
Clasificación propia del CES |
| Koha [por defecto] tipo de item |
Monografías |
| Parte de clasificación |
7.0. |